000 00830nas a2200265 4500
001 BR9602455
003 BR-BrBNA
005 20231205094720.0
007 ta
008 230509b bl.|||p| |||| 00| 00por d
040 _aBR-BrBNA
_bpor
_cBiblioteca Nacional de Agricultura
041 _a(En)
072 _aL70
100 1 _aCarlos, C.P.
100 1 _aPadovani, C.R.
100 1 _aPereira, O.C.M.
245 1 _aRole of androgenic deprivation on the contractile response to norepinephrine in vas deferens isolated from rats submitted to swimming-stress
650 _aRato
650 _aCastracao
650 _aStress
650 _aMedicamento
773 0 _tRevista de Ciencias Biomedicas (Brazil)
_xISSN 0101-322x
_g(1995), v. 16 p. 7-15
_wBR9602455
909 _a202311
_bLúcia
_c55
_dLúcia Elande
942 _2AGRIS
_n0
_cANA
999 _c146332
_d146332